Emotionally durable design : (Record no. 352875)

000 -LEADER
fixed length control field 00832 a2200253 4500
003 - CONTROL NUMBER IDENTIFIER
control field OSt
005 - DATE AND TIME OF LATEST TRANSACTION
control field 20180116192349.0
008 - FIXED-LENGTH DATA ELEMENTS--GENERAL INFORMATION
fixed length control field 120601t xxu||||| |||| 00| 0 eng d
010 ## - LIBRARY OF CONGRESS CONTROL NUMBER
LC control number 2005011031
020 ## - INTERNATIONAL STANDARD BOOK NUMBER
International Standard Book Number 1844071812
020 ## - INTERNATIONAL STANDARD BOOK NUMBER
International Standard Book Number 1844071804
020 ## - INTERNATIONAL STANDARD BOOK NUMBER
International Standard Book Number 9781844071807
040 ## - CATALOGING SOURCE
Transcribing agency 0
082 00 - DEWEY DECIMAL CLASSIFICATION NUMBER
Classification number 658.5752
100 1# - MAIN ENTRY--PERSONAL NAME
Personal name Chapman, Jonathan,
9 (RLIN) 3271
245 10 - TITLE STATEMENT
Title Emotionally durable design :
Remainder of title objects, experiences, and empathy /
Statement of responsibility, etc. Jonathan Chapman.
260 ## - PUBLICATION, DISTRIBUTION, ETC.
Place of publication, distribution, etc. London :
-- Sterling, VA :
Name of publisher, distributor, etc. Earthscan,
Date of publication, distribution, etc. 2005.
300 ## - PHYSICAL DESCRIPTION
Extent viii, 211 p. :
Other physical details ill. ;
Dimensions 24 cm.
500 ## - GENERAL NOTE
General note Includes index.
650 10 - SUBJECT ADDED ENTRY--TOPICAL TERM
Topical term or geographic name entry element New products
General subdivision Environmental aspects.
9 (RLIN) 3272
650 10 - SUBJECT ADDED ENTRY--TOPICAL TERM
Topical term or geographic name entry element Product life cycle
General subdivision Environmental aspects.
9 (RLIN) 3273
942 ## - ADDED ENTRY ELEMENTS (KOHA)
Institution code [OBSOLETE] SADA
Koha item type Book
Call number prefix 658.5752 CHA 2005
Source of classification or shelving scheme
Holdings
Withdrawn status Lost status Source of classification or shelving scheme Damaged status Not for loan Permanent Location Current Location Date acquired Total Checkouts Total Renewals Full call number Barcode Date last seen Date last checked out Cost, replacement price Price effective from Koha item type
          School of Art Design and Architecture (SADA) School of Art Design and Architecture (SADA) 04/18/2011 10 3 658.5752 CHA 2005 SADA0000946 12/31/2025 11/15/2024 9215.00 08/05/2011 Book
© 2023 Central Library, National University of Sciences and Technology. All Rights Reserved.